A treatise on the plague and yellow fever : With an appendix, containing histories of the plague at Athens in the time of the Peloponnesian War; at Constantinople in the time of Justinian; at London in 1665; at Marseilles in 1720; &c. By James Tytler, compiler of the medical part of the Encyclopaedia Britannica. [Six lines of quotations] Published according to act of Congress.

Bibliographic Details
Main Author: Tytler, James, 1745-1804
Format: eBook
Language:English
Series:Eighteenth century collections online.
Online Access:Full text online

MARC

Tag First Indicator Second Indicator Subfields
LEADER 00000cam a2200000 4500
001 in00001861721
006 m | d |
007 cr |n||||||||n
008 830804s1799 xxu|||| s 00| | eng d
005 20260403174928.2
035 |a (CStRLIN)ESTCW29574 
040 |a MWA  |c MWA  |d Cu-RivES  |d CStRLIN  |d Thomson Gale  |d UtOrBLW 
100 1 |a Tytler, James,  |d 1745-1804. 
245 1 2 |a A treatise on the plague and yellow fever :  |b With an appendix, containing histories of the plague at Athens in the time of the Peloponnesian War; at Constantinople in the time of Justinian; at London in 1665; at Marseilles in 1720; &c. By James Tytler, compiler of the medical part of the Encyclopaedia Britannica. [Six lines of quotations] Published according to act of Congress. 
264 3 |a Salem [Mass.] :  |b Printed by Joshua Cushing, for B.B. Macanulty,  |c 1799. 
300 |a 4 unnumbered pages, 568 pages, 1 unnumbered folded leaf ;  |c 8⁰. 
336 |a text  |b txt  |2 rdacontent 
337 |a computer  |b c  |2 rdamedia 
338 |a online resource  |b cr  |2 rdacarrier 
500 |a With an appended leaf of errata. 
500 |a Reproduction of original from the British Library. 
510 4 |a Evans,  |c 36465 
510 4 |a Austin, R.B. Early Amer. medical imprints,  |c 1940 
510 4 |a Sabin,  |c 97656 
510 4 |a English Short Title Catalog,  |c ESTCW29574. 
533 |a Electronic reproduction.  |b Farmington Hills, Mich. :  |c Thomson Gale,  |d 2003.  |n Available via the World Wide Web.  |n Access limited by licensing agreements  |7 s2003 miunns 
500 |a Electronic resource. 
830 0 |a Eighteenth century collections online. 
856 4 0 |u http://proxy.library.tamu.edu/login?url=https://galenet.galegroup.com/servlet/ECCO?c=1&stp=Author&ste=11&af=BN&ae=W029574&tiPG=1&dd=0&dc=flc&docNum=CW108888100&vrsn=1.0&srchtp=a&d4=0.33&n=10&SU=0LRM&locID=txshracd2898  |z Full text online  |t 0 
999 |a MARS 
999 f f |s 19108f79-1137-3544-b46c-ee82f1832f59  |i d4aa75bf-edaa-3715-b98f-f0d4f748d0d1  |t 0 
952 f f |a Texas A&M University  |b College Station  |c Electronic Resources  |s www_evans  |d Available Online  |t 0  |h No information provided 
998 f f |t 0  |l Available Online